Theoretical aspects of linguistics (Record no. 196915)

MARC details
000 -LEADER
fixed length control field 00332nam a2200133Ia 4500
008 - FIXED-LENGTH DATA ELEMENTS--GENERAL INFORMATION
fixed length control field 230917s9999||||xx |||||||||||||| ||und||
040 ## - CATALOGING SOURCE
-- 51247
Original cataloging agency VIVEKANANDA LIBRARY
041 ## - Language
-- English
082 ## - DDC NUMBER
Classification number 410 T343T
245 #0 - TITLE STATEMENT
Title Theoretical aspects of linguistics
260 ## - PUBLICATION, DISTRIBUTION, ETC. (IMPRINT)
Place of publication, distribution, etc Moscow
Name of publisher, distributor, etc Social Science Press
Date of publication, distribution, etc 1977
300 ## - PHYSICAL DESCRIPTION
Pages 136 p.
942 ## - ADDED ENTRY ELEMENTS (KOHA)
Koha item type Books
Holdings
Withdrawn status Lost status Damaged status Not for loan Location (home branch) Sublocation or collection (holding branch) Date acquired Koha issues (times borrowed) Koha full call number Accession No. Koha date last seen Koha item type
        VIVEKANANDA LIBRARY VIVEKANANDA LIBRARY 11/12/2002   410 T343T 55197 17/09/2023 Books
© Designed and Maintained by Vivekananda Library, MDU Rohtak